<?xml version="1.0" encoding="UTF-8"?><?xml-stylesheet type="text/xsl" href="static/style.xsl"?><OAI-PMH xmlns="http://www.openarchives.org/OAI/2.0/" xmlns:xsi="http://www.w3.org/2001/XMLSchema-instance" xsi:schemaLocation="http://www.openarchives.org/OAI/2.0/ http://www.openarchives.org/OAI/2.0/OAI-PMH.xsd"><responseDate>2026-06-04T15:37:39Z</responseDate><request verb="GetRecord" identifier="oai:recam.amb.cat:20.500.14439/1393" metadataPrefix="marc">https://recam.amb.cat/rest/oai/request</request><GetRecord><record><header><identifier>oai:recam.amb.cat:20.500.14439/1393</identifier><datestamp>2025-02-20T13:46:41Z</datestamp><setSpec>com_20.500.14439_2794</setSpec><setSpec>com_20.500.14439_113</setSpec><setSpec>col_20.500.14439_4199</setSpec></header><metadata><record xmlns="http://www.loc.gov/MARC21/slim" xmlns:dcterms="http://purl.org/dc/terms/" xmlns:xsi="http://www.w3.org/2001/XMLSchema-instance" xmlns:doc="http://www.lyncode.com/xoai" xsi:schemaLocation="http://www.loc.gov/MARC21/slim http://www.loc.gov/standards/marcxml/schema/MARC21slim.xsd">
   <leader>00925njm 22002777a 4500</leader>
   <datafield ind2=" " ind1=" " tag="042">
      <subfield code="a">dc</subfield>
   </datafield>
   <datafield ind2=" " ind1=" " tag="720">
      <subfield code="a">Institut d'Estudis Regionals i Metropolitans de Barcelona</subfield>
      <subfield code="e">author</subfield>
   </datafield>
   <datafield ind2=" " ind1=" " tag="260">
      <subfield code="c">2022-07-01</subfield>
   </datafield>
   <datafield ind2=" " ind1=" " tag="520">
      <subfield code="a">L’anuari de 2021 vol contribuir a forjar una mirada de futur. La metròpoli, en totes les seves dimensions, va dibuixant el camí cap a les fites del 2030. S’hi intensifiquen reptes preexistents i en sorgeixen de nous. Vivim un temps de canvis de fons i accelerats. En aquest context, el nostre objectiu com a institut de recerca, consistent a generar un coneixement acurat i socialment útil, s’enforteix també. Un objectiu al qual només podrem respondre en la mesura que innovem preguntes, mètodes i resultats. Aquesta reflexió ens ha orientat, més que mai, al llarg dels últims mesos.
La publicació que us presentem consta de deu articles que, en bona part, analitzen els grans desafiaments de la metròpoli per als pròxims anys. Així, s’hi aborden temàtiques relacionades amb la innovació, l’habitatge, l’exclusió residencial i el sensellarisme, la pobresa hídrica, la mobilitat. Reptes emergents, coneixements innovadors en clau de gènere, els recursos, l’energia i l’alimentació, la participació en la governança i la relació necessària entre el coneixement i l’elaboració de polítiques públiques.</subfield>
   </datafield>
   <datafield ind1="8" ind2=" " tag="024">
      <subfield code="a">9728492940509</subfield>
   </datafield>
   <datafield ind1="8" ind2=" " tag="024">
      <subfield code="a">https://hdl.handle.net/20.500.14439/1393</subfield>
   </datafield>
   <datafield ind1="8" ind2=" " tag="024">
      <subfield code="a">14781891</subfield>
   </datafield>
   <datafield ind1="8" ind2=" " tag="024">
      <subfield code="a">B 13506-2022</subfield>
   </datafield>
   <datafield tag="653" ind2=" " ind1=" ">
      <subfield code="a">Urbanisme</subfield>
   </datafield>
   <datafield tag="653" ind2=" " ind1=" ">
      <subfield code="a">Innovacions tecnològiques</subfield>
   </datafield>
   <datafield tag="653" ind2=" " ind1=" ">
      <subfield code="a">Àrees metropolitanes</subfield>
   </datafield>
   <datafield ind2="0" ind1="0" tag="245">
      <subfield code="a">Cap a la metròpoli 2030: Reptes emergents, coneixements innovadors</subfield>
   </datafield>
</record></metadata></record></GetRecord></OAI-PMH>